V ringu už bez Slovákov ME v boxe: prehral aj Rudolf Dydi!

Bibliographic Details
Format: Article
Language:Slovak
ISSN:0139-7001
Subjects:

MARC

LEADER 00000nab a2200000 a 4500
001 vtls000864301
003 SK-MaSNL
005 20260302161401.0
008 180205c2004 xo 0 slo
015 |a SNBRB2004/02-06597 
035 |a CLN000215854 
040 |a SNKBUCL  |b slo  |c SNKBUCL  |e AACR2 
041 0 |a slo 
044 |a xo  |c SK 
080 |a 796.83.093.1(4)  |2 UDC-MRF-SK2 
245 0 0 |a V ringu už bez Slovákov  |b ME v boxe: prehral aj Rudolf Dydi! 
611 1 7 |a Majstrovstvá Európy v boxe  |d 2004  |c Pula, Chorvátsko  |2 snkbucl  |9 858042 
650 0 7 |a box  |2 snkbucl  |9 3272 
655 7 |a články z novín a časopisov  |2 snkbucl  |9 267496 
773 0 |x 0139-7001  |t Šport  |g Roč. 58, č. 44 (23.2.2004), s. 4 
850 |a Slovenská národná knižnica v Martine 
852 |a SNK  |b KIS3GCP 
958 |a RBX 
999 |c 1377196  |d 1379126